Manual de derecho constitucional : estructura, organización constitucional del Estado mexicano /
Contenido: 1) Teoría de la Constitución; 2) Los poderes ejecutivo y legislativo; 3) El Poder Judicial; 4) El federalismo mexicano actual.
Na minha lista:
| Outros Autores: | , |
|---|---|
| Formato: | Livro |
| Idioma: | espanhol |
| Publicado em: |
México :
UNAM, Instituto de Investigaciones Jurídicas : Fondo de Cultura Económica,
2018, c2018
|
| Colecção: | (Política y Derecho. Textos para el Derecho)
(Sección de Obras de Política y Derecho) |
| Assuntos: | |
| Tags: |
Sem tags, seja o primeiro a adicionar uma tag!
|
MARC
| LEADER | 00000nam^a2200000^a^4500 | ||
|---|---|---|---|
| 001 | 000418924 | ||
| 005 | 20250521000000.0 | ||
| 009 | 20260310122431.436 | ||
| 020 | |a 978-607-30-0621-7 | ||
| 020 | |a 978-607-16-5814-2 | ||
| 037 | |a Acervo ITESO - Biblioteca | ||
| 041 | |a ESP | ||
| 082 | |a 342. 72 |b MAN | ||
| 245 | 0 | 0 | |a Manual de derecho constitucional : |b estructura, organización constitucional del Estado mexicano / |c D. Barceló Rojas... [et al.] ; introd. de P. Salazar Ugarte. |
| 264 | 4 | |a México : |b UNAM, Instituto de Investigaciones Jurídicas : |b Fondo de Cultura Económica, |c 2018, c2018 | |
| 300 | |a 265 p. | ||
| 336 | |a texto |b txt |2 rdacontenido | ||
| 337 | |a sin mediación |b n |2 rdamedio | ||
| 338 | |a volumen |b nc |2 rdasoporte | ||
| 440 | 1 | |a (Política y Derecho. |p Textos para el Derecho) | |
| 440 | 1 | |a (Sección de Obras de Política y Derecho) | |
| 520 | |a Contenido: 1) Teoría de la Constitución; 2) Los poderes ejecutivo y legislativo; 3) El Poder Judicial; 4) El federalismo mexicano actual. | ||
| 521 | |a FIL 2019 DIA | ||
| 649 | |a XX | ||
| 650 | |a Poder Judicial - |z México | ||
| 650 | |a Poder Ejecutivo - |z México | ||
| 650 | |a Poder Legislativo - |z México | ||
| 650 | |a Separación de Poderes - |z México | ||
| 650 | |a Federalismo - |z México | ||
| 650 | |a Estado, El - |z México | ||
| 650 | |a Constitución - |x Teoría | ||
| 650 | |a Derecho Constitucional - |z México - |x Tema Principal | ||
| 650 | |a Derecho Público - |z México | ||
| 700 | |a Barceló Rojas, Daniel |e (autor) | ||
| 700 | |a Salazar Ugarte, Pedro |e (introducción) | ||
| 910 | |a Fondo General | ||
| 920 | |a Impresos - Libros | ||
| 930 | |a Colección General | ||
| 905 | |a 101 | ||
| 901 | |a 0500329448 |b IT1 |c ACC |i C169562 |u 20250521 | ||
| 902 | |a https://opac.biblio.iteso.mx/vufind/Record/000418924 | ||